<?xml version="1.0" encoding="UTF-8"?><?xml-stylesheet type="text/xsl" href="static/style.xsl"?><OAI-PMH xmlns="http://www.openarchives.org/OAI/2.0/" xmlns:xsi="http://www.w3.org/2001/XMLSchema-instance" xsi:schemaLocation="http://www.openarchives.org/OAI/2.0/ http://www.openarchives.org/OAI/2.0/OAI-PMH.xsd"><responseDate>2026-04-17T19:00:39Z</responseDate><request verb="GetRecord" identifier="oai:riubu.ubu.es:10259/9037" metadataPrefix="marc">https://riubu.ubu.es/oai/request</request><GetRecord><record><header><identifier>oai:riubu.ubu.es:10259/9037</identifier><datestamp>2024-05-20T09:42:35Z</datestamp><setSpec>com_10259_9006</setSpec><setSpec>com_10259_5086</setSpec><setSpec>com_10259_2604</setSpec><setSpec>com_10259_5501</setSpec><setSpec>col_10259_9007</setSpec><setSpec>col_10259_5502</setSpec></header><metadata><record xmlns="http://www.loc.gov/MARC21/slim" xmlns:doc="http://www.lyncode.com/xoai" xmlns:xsi="http://www.w3.org/2001/XMLSchema-instance" xmlns:dcterms="http://purl.org/dc/terms/" xsi:schemaLocation="http://www.loc.gov/MARC21/slim http://www.loc.gov/standards/marcxml/schema/MARC21slim.xsd">
<leader>00925njm 22002777a 4500</leader>
<datafield tag="042" ind1=" " ind2=" ">
<subfield code="a">dc</subfield>
</datafield>
<datafield tag="720" ind1=" " ind2=" ">
<subfield code="a">García Herrero, Susana</subfield>
<subfield code="e">author</subfield>
</datafield>
<datafield tag="720" ind1=" " ind2=" ">
<subfield code="a">Gutiérrez, José Manuel</subfield>
<subfield code="e">author</subfield>
</datafield>
<datafield tag="720" ind1=" " ind2=" ">
<subfield code="a">Herrera, Sixto</subfield>
<subfield code="e">author</subfield>
</datafield>
<datafield tag="720" ind1=" " ind2=" ">
<subfield code="a">Azimian, Amin</subfield>
<subfield code="e">author</subfield>
</datafield>
<datafield tag="720" ind1=" " ind2=" ">
<subfield code="a">Mariscal Saldaña, Miguel Ángel</subfield>
<subfield code="e">author</subfield>
</datafield>
<datafield tag="260" ind1=" " ind2=" ">
<subfield code="c">2020-05</subfield>
</datafield>
<datafield tag="520" ind1=" " ind2=" ">
<subfield code="a">To reduce traffic accidents, an accurately estimated model is needed to capture the true relationships between the injury severity and risk factors. This study aims to propose a robust procedure to address the biases in police-reported accident data and subsequently to conduct sensitivity analyzes in order to estimate the variations in injury severity and distraction probability based on drivers’ behaviors/characteristics and psychophysical conditions. The results show that: (i) the excess speed will likely increase the probability of serious/fatal injury for drivers of all age groups by 10%; (ii) distraction and driver’ errors will likely increase the probability of serious/fatal injury in all drivers driving at a proper speed up to 1.5%; (iii) alcohol and drug consumption can significantly increase the probability of being distracted and making errors by 28.5% and 33.5% respectively; (iv) Alcohol consumption reduces the probability of driving at an appropriate speed in drivers under 25 by 40%. However, the results for drugs consumption are not as significant as the ones for alcohol consumption.</subfield>
</datafield>
<datafield tag="024" ind2=" " ind1="8">
<subfield code="a">0925-7535</subfield>
</datafield>
<datafield tag="024" ind2=" " ind1="8">
<subfield code="a">http://hdl.handle.net/10259/9037</subfield>
</datafield>
<datafield tag="024" ind2=" " ind1="8">
<subfield code="a">10.1016/j.ssci.2019.104586</subfield>
</datafield>
<datafield ind1=" " ind2=" " tag="653">
<subfield code="a">Traffic accident</subfield>
</datafield>
<datafield ind1=" " ind2=" " tag="653">
<subfield code="a">Drugs</subfield>
</datafield>
<datafield ind1=" " ind2=" " tag="653">
<subfield code="a">Alcohol</subfield>
</datafield>
<datafield ind1=" " ind2=" " tag="653">
<subfield code="a">Speed</subfield>
</datafield>
<datafield ind1=" " ind2=" " tag="653">
<subfield code="a">Distraction</subfield>
</datafield>
<datafield ind1=" " ind2=" " tag="653">
<subfield code="a">Human error</subfield>
</datafield>
<datafield ind1=" " ind2=" " tag="653">
<subfield code="a">Bayesian network</subfield>
</datafield>
<datafield ind1=" " ind2=" " tag="653">
<subfield code="a">Bias identification</subfield>
</datafield>
<datafield tag="245" ind1="0" ind2="0">
<subfield code="a">Sensitivity analysis of driver's behavior and psychophysical conditions</subfield>
</datafield>
</record></metadata></record></GetRecord></OAI-PMH>